| 000 | 00691nam a2200205Ia 4500 | ||
|---|---|---|---|
| 001 | 21060 | ||
| 003 | GE_BSU | ||
| 008 | 181216s||||||||xx |||||||||||||| ||und|| | ||
| 020 | _a0202-9545 | ||
| 040 | _cGE_BSU | ||
| 245 | _aРеферативный журнал Электронное издание. 13Б. Математический анализ №3. 2017 | ||
| 260 | _aМосква | ||
| 260 | _c2017 | ||
| 300 | _acd | ||
| 653 | _acd | ||
| 653 | _aМатематика | ||
| 653 | _aРеферативный журнал Электронное издание. 13Б. Математический анализ №3. 2017 | ||
| 653 | _aმათემატიკა | ||
| 942 | _cCF | ||
| 999 |
_c54009 _d54009 |
||